| 000 | 01188nam a22003377a 4500 | ||
|---|---|---|---|
| 003 | CHAP | ||
| 005 | 20220817042144.0 | ||
| 008 | 971013s1982 r 00010 d | ||
| 010 | _a36255 | ||
| 011 | _a37227 | ||
| 035 | _a41346 | ||
| 040 | _cCHAP | ||
| 082 |
_a378 _bM49 1982 |
||
| 110 |
_aMéxico. Coordinación Nacional para la Planeación de la Educación Superior _976897 |
||
| 245 | _aInformación para la educación superior | ||
| 250 | _a2 ed. | ||
| 260 |
_aMéxico, D.F. : _bSEP, _c1982 |
||
| 300 |
_a169 p. _b: ilus |
||
| 590 |
_aBATCH-UPD _b10 _c20130110 _lUCH01 _h0026 |
||
| 590 |
_aBATCH-UPD _b10 _c20130110 _lUCH01 _h1927 |
||
| 590 |
_aBATCH-UPD _b10 _c20130409 _lUCH01 _h2007 |
||
| 590 |
_aBATCH-UPD _b10 _c20130410 _lUCH01 _h1252 |
||
| 590 |
_aBATCH-UPD _b10 _c20130914 _lUCH01 _h1245 |
||
| 590 |
_aCONVERSION _b10 _c20130109 _lUCH01 _h1320 |
||
| 650 | 1 | 4 | _aEducación superior. |
| 650 | 1 | 4 |
_aEducación superior _xSistemas de información. _935655 |
| 901 | _aBK | ||
| 942 | _cLIBRO | ||
| 949 |
_a378 M49 1982 _bBC _cLIBRO _d33724000440822 _eLIBRO _gI.c/e _h65296 _i41346 _si _t150.00 |
||
| 949 |
_a378 M49 1982 _bBC _cLIBRO _d33724000440830 _eLIBRO _fc.2 _gI.c/e _h65297 _i41346 _si _t150.00 |
||
| 999 |
_c36255 _d36255 |
||